Resource base and industrialisation: The case of rubber based industrial sector in Kerala (Record no. 52428)

MARC details
000 -LEADER
fixed length control field 00528nam a2200121Ia 4500
100 ## - MAIN ENTRY--AUTHOR NAME
Personal name George K.T.
245 #0 - TITLE STATEMENT
Title Resource base and industrialisation: The case of rubber based industrial sector in Kerala
260 ## - PUBLICATION, DISTRIBUTION, ETC. (IMPRINT)
Name of publisher In: Resource based industries in Kerala. (Ed. D. Rajasena). Directorate of Publications and Public Relations, Cochin University of Science and Technology, Cochin, India, pp. 105-120
Year of publication 1999
650 ## - SUBJECT ADDED ENTRY--TOPICAL TERM
Topical Term Kerala
650 ## - SUBJECT ADDED ENTRY--TOPICAL TERM
Topical Term Rubber product industry
942 ## - ADDED ENTRY ELEMENTS (KOHA)
Koha item type Bibliography STAF
Holdings
Withdrawn status Lost status Damaged status Not for loan Home library Current library Date acquired Koha item type
      Bibliography RRII Library RRII Library 09/04/2014 Bibliography STAF